| 000 | 00411nam a2200181Ia 4500 | ||
|---|---|---|---|
| 005 | 20250603145837.0 | ||
| 008 | 250603s9999 xx 000 0 und d | ||
| 020 | _a978-030-715X | ||
| 050 | _aPZ 4 .I25 C45/ | ||
| 100 | _aIke, Chukwuemeka | ||
| 245 | 4 | _aThe chicken chasers | |
| 260 | _aIbadan | ||
| 260 | _bUniversity Press Ltd | ||
| 260 | _c2009 | ||
| 300 | _a185 p | ||
| 650 | _aIbadan | ||
| 942 | _cBK | ||
| 999 |
_c43025 _d43025 |
||